006050000a22000970004500001000600000041000800006082001200014245009700026300001400123505037000137140850 aSPA04aAV 021510aPágina abierta : Revista evangélica de información literaria / David Muniesa, Director a29 Pág.00a- El idioma español cumple mil años. Santamaría, Darío A. - La biblioteca del pastor. Vila, Samuel - El libro y su mundo : Instrumento poderoso del Espíritu Santo. Ecklebarger, David - O la parábola de la vieja encina. Vila, Samuel - La Escritura y su evolución a través de los tiempos. Vila, Eliseo En torno al libro. Santamaría, Darío A.